000 00649cam a2200229 4500500
005 20260405001513.0
041 _afre
042 _adc
245 0 0 _aLes animaux aussi ont des droits
260 _c2013.
500 _a10
690 _aAnimal
690 _aBoris Cyrulnik
690 _aDroits
690 _aElisabeth de Fontenay
690 _aÉthologie
690 _aPeter Singer
690 _aSingularité
690 _aUtilitarisme
786 0 _nPhilosophie magazine | 70 | 6 | 2013-06-01 | p. 69-71 | 1951-1787
856 4 1 _uhttps://shs.cairn.info/magazine-philosophie-magazine-2013-6-page-69?lang=fr&redirect-ssocas=7080
999 _c2048313
_d2048313